| 000 | 01418nam0a22003851 4500 | ||
|---|---|---|---|
| 001 | RU\NLR\bibl\1087650 | ||
| 005 | 20250615051851.0 | ||
| 010 |
_a978-5-486-01297-6 _912500 |
||
| 021 |
_aRU _b2007-25320 _91340 |
||
| 035 | _a(NLR Aleph) 001074808 | ||
| 090 |
_a1021383 _c1021383 |
||
| 100 | _a20070518d2007 |||y0rusy50 ca | ||
| 101 | 0 | _arus | |
| 102 | _aRU | ||
| 105 | _aa ||||||||| | ||
| 200 | 1 |
_aВосточная и Центральная Азия _eЯпония, Китай, Монголия, Вьетнам _e[сборник] |
|
| 210 |
_aМосква _cМир книги _cЛитература _d2007 |
||
| 215 |
_a447 с. _cил. _d20 |
||
| 225 | 1 | _aМифы и легенды народов мира | |
| 300 | _aЗагл. обл.: Япония, Китай, Монголия, Вьетнам | ||
| 512 | 1 | _aЯпония, Китай, Монголия, Вьетнам | |
| 606 | 1 |
_aЛегенды и предания народов Азии _92392372 _3RU\NLR\auth\661426599 |
|
| 606 | 1 |
_aМифы народов Азии _91610846 _3RU\NLR\auth\66709854 |
|
| 686 | _aЭ319.1(54),181 | ||
| 686 | _aШ3(5)-615.20 | ||
| 686 | _aШ3(5)-60 | ||
| 801 | 0 |
_aRU _bNLR _c20070518 _gRCR |
|
| 801 | 1 |
_aRU _bNLR _c20070518 |
|
| 852 |
_aNLR _bОЛСАА-сл-спр _j2-4938 |
||
| 942 | _cBOOK | ||
| 980 | _aNB | ||
| 980 | 1 | _aSL_SPR | |